Colours of the Indus : (Record no. 352500)

000 -LEADER
fixed length control field 01157 a2200289 4500
003 - CONTROL NUMBER IDENTIFIER
control field OSt
005 - DATE AND TIME OF LATEST TRANSACTION
control field 20180116192337.0
008 - FIXED-LENGTH DATA ELEMENTS--GENERAL INFORMATION
fixed length control field 120524t xxu||||| |||| 00| 0 eng d
010 ## - LIBRARY OF CONGRESS CONTROL NUMBER
LC control number 98130799
020 ## - INTERNATIONAL STANDARD BOOK NUMBER
International Standard Book Number 1858940443
020 ## - INTERNATIONAL STANDARD BOOK NUMBER
International Standard Book Number 1858940451 (pbk.)
035 ## - SYSTEM CONTROL NUMBER
System control number (OCoLC)38226381
040 ## - CATALOGING SOURCE
Transcribing agency 0
082 ## - DEWEY DECIMAL CLASSIFICATION NUMBER
Classification number 746.09549
100 1# - MAIN ENTRY--PERSONAL NAME
Personal name Askari, Nasreen.
9 (RLIN) 1843
245 10 - TITLE STATEMENT
Title Colours of the Indus :
Remainder of title costume and textiles of Pakistan /
Statement of responsibility, etc. Nasreen Askari and Rosemary Crill.
260 ## - PUBLICATION, DISTRIBUTION, ETC.
Place of publication, distribution, etc. London :
Name of publisher, distributor, etc. M. Holberton in association with the Victoria and Albert Museum,
Date of publication, distribution, etc. 1997.
300 ## - PHYSICAL DESCRIPTION
Extent 144 p. :
Other physical details col. ill., col. map ;
Dimensions 29 cm.
500 ## - GENERAL NOTE
General note "Published to coincide with the exhibition ... at the Victoria and Albert Museum, London, 9 October 1997-29 March 1998 ..."--T.p. verso.
650 #0 - SUBJECT ADDED ENTRY--TOPICAL TERM
Topical term or geographic name entry element Textile fabrics
Geographic subdivision Pakistan
General subdivision Exhibitions.
9 (RLIN) 1844
650 #0 - SUBJECT ADDED ENTRY--TOPICAL TERM
Topical term or geographic name entry element Textile design
Geographic subdivision Pakistan
General subdivision Exhibitions.
9 (RLIN) 1845
650 #0 - SUBJECT ADDED ENTRY--TOPICAL TERM
Topical term or geographic name entry element Costume
Geographic subdivision Pakistan
General subdivision Exhibitions.
9 (RLIN) 1846
700 1# - ADDED ENTRY--PERSONAL NAME
Personal name Crill, Rosemary.
9 (RLIN) 1847
710 2# - ADDED ENTRY--CORPORATE NAME
Corporate name or jurisdiction name as entry element Victoria and Albert Museum.
9 (RLIN) 1848
942 ## - ADDED ENTRY ELEMENTS (KOHA)
Institution code [OBSOLETE] SADA
Koha item type Book
Call number prefix 746.09549 ASK 1997
Source of classification or shelving scheme
Holdings
Withdrawn status Lost status Source of classification or shelving scheme Damaged status Not for loan Permanent Location Current Location Date acquired Total Checkouts Total Renewals Full call number Barcode Date last seen Date last checked out Cost, replacement price Price effective from Koha item type
          School of Art Design and Architecture (SADA) School of Art Design and Architecture (SADA) 02/02/2011 4 1 746.0954 ASK 1997 SADA0000570 01/03/2014 11/26/2013 6703.00 08/05/2011 Book
© 2023 Central Library, National University of Sciences and Technology. All Rights Reserved.